000 01623cam a22003011i 4500
003 SA-RiAUC
005 20250909124531.0
008 250908s2010 le g 000 0bara c
040 _aSA-JeALM
_bara
_cSA-RiAUC
_erda
082 0 4 _a234.6
_qSA-RiAUC
090 _a234.6
_bا ن ص
100 1 _aالأنصاري، زكريا بن محمد بن احمد
_d825 - 926 هـ
_eمؤلف.
245 1 0 _aثبت شيخ الإسلام القاضي زكريا بن محمد الأنصاري /
_cتخريج شمس الدين السخاوي ؛ تحقيق محمد بن إبراهيم الحسين.
250 _aالطبعة الأولى.
264 1 _a بيروت:
_bدار البشائر الإسلامية،
_c2010
300 _a352 صفحة ؛
_c24 سم.
336 _aنص
_btxt
_2rdacontent
_3كتاب
337 _aبدون وسيط
_bn
_2rdamedia
338 _aمجلد
_bnc
_2rdacarrier
490 1 _aمكتبة نظام يعقوبي الخاصة (المنامة).
_aالأثبات والمشيخات والإجازات والمسلسلات ؛
_v13
600 1 7 _aزكريا الأنصاري، زكريا بن محمد بن أحمد،
_d823-926 هجري.
_2aucnm
650 7 _aالحديث
_xتراجم الرواة
_2aucsh
700 1 _aالسخاوي، محمد بن عبد الرحمن بن محمد،
_d831-902 هجري
_eمخرج أحاديث.
700 1 _aالحسين، محمد إبراهيم
_eمحقق.
830 2 _aمكتبة نظام يعقوبي الخاصة.
_pالأثبات والمشيخات والإجازات والمسلسلات
_v13
942 _2ddc
_cBOOK
_n0
949 _aSA-JeALM
_d250908
_uosman123
_n1
999 _c11552
_d11552